000 00596nam a22001817a 4500
999 _c12694
_d12694
008 190131b ||||| |||| 00| 0 eng d
020 _a971-542-291-8
082 _22001
_aDFil 899.211
_bP53
245 _aWhy the spider do not go out to hunt for food/
_cDamiana Eugenio [Compiler and Editor]
260 _aQuezon City:
_bUP Press;
_c©2001
300 _a394;
_c22.5 cm.
500 _aPhilippine folk literature: The myths
650 _aMythology
_935987
650 _aLegends
_935988
650 _aPhilippine folk literature (English)
_935989
650 _aFolklore
_935991
942 _2ddc
_cDFIL